|
|
|
|
| LEADER |
00000nas a2200000 a 4500 |
| 001 |
ssj0000328494 |
| 003 |
WaSeSS |
| 005 |
20200512172242.0 |
| 006 |
m d |
| 007 |
cr n |
| 008 |
090325c20089999ii fr pss 0 0eng c |
| 010 |
|
|
|a 2010247776
|
| 016 |
7 |
|
|a 2461107-4
|2 DE-600
|
| 016 |
7 |
|
|a 2461107-4
|2 GyBeDBIZ
|
| 022 |
|
|
|a 0974-5157
|l 0974-2077
|y 0974-2077
|
| 035 |
|
|
|a (WaSeSS)ssj0000328494
|
| 040 |
|
|
|a FQM
|b eng
|c FQM
|d FQM
|d OCLCQ
|d PFM
|d HEBIS
|d DLC
|d CUS
|d OCLCQ
|d OCLCO
|d OCLCF
|d OCLCO
|d EUW
|d OCLCO
|d OCLCQ
|d OCLCO
|d OCLCQ
|d LIP
|d OCLCO
|d XFH
|d OCLCO
|d WY@
|d OCLCO
|d OCLCA
|d BUF
|d AU@
|d OCLCO
|d WYU
|d AUD
|d VT2
|d WaSeSS
|
| 042 |
|
|
|a pcc
|
| 050 |
1 |
4 |
|a RD118.A1
|
| 060 |
0 |
0 |
|a W1
|b JO612DS
|
| 245 |
0 |
0 |
|a Journal of cutaneous and aesthetic surgery
|h [electronic resource].
|
| 260 |
|
|
|a Mumbai, India :
|b MedKnow Pub.
|
| 310 |
|
|
|a Semiannual
|
| 362 |
1 |
|
|a Began with vol. 1, issue 1 (Jan./June 2008).
|
| 506 |
|
|
|a License restrictions may limit access.
|
| 550 |
|
|
|a Published under the auspices of the Association of Cutaneous Surgeons of India (ACSI).
|
| 588 |
|
|
|a Description based on: Vol. 1, issue 1 (Jan./June 2008); title from journal home page (publisher's Web site, viewed Apr. 30, 2010).
|
| 588 |
|
|
|a Latest issue consulted: V. 2, issue 2 (July/Dec. 2009) (viewed Apr. 30, 2010).
|
| 650 |
|
0 |
|a Surgery, Plastic
|v Periodicals.
|
| 650 |
|
7 |
|a Surgery, Plastic.
|2 fast
|0 (OCoLC)fst01139417
|
| 650 |
|
2 |
|a Surgery, Plastic
|v Periodicals.
|
| 650 |
|
2 |
|a General Surgery
|v Periodicals.
|
| 655 |
|
0 |
|a Electronic journals.
|
| 710 |
2 |
|
|a Association of Cutaneous Surgeons of India.
|
| 776 |
0 |
8 |
|i Print version:
|t Journal of cutaneous and aesthetic surgery
|x 0974-2077
|w (DLC) 2010328951
|w (OCoLC)613190166
|
| 856 |
4 |
0 |
|z Full text available from Research Library: 01/01/2008 to present
|u https://search.proquest.com/publication/226486
|